• 首页
  • 本馆介绍
  • 公告通知
  • 最新文献
  • 馆藏检索
  • 电子资源
  • 读者导购
  • 参考咨询
  • 我的图书馆
  • 登录
  • 详细信息显示
  • 放入我的书架
  • 预约/预借图书
  • 作者相关作品
  • 分类相关作品
  • 丛书相关作品
  • 出版社相关作品

书目信息

  • 表格格式
  • 工作单格式
  • 卡片格式
题名:
论曲式与音乐作品分析
    
 
作者: ;人民音乐出版社编辑部 编
分册:  
出版信息: 北京   人民音乐出版社  1993
页数: 302页
开本: 20cm
丛书名:
单 册:
中图分类: J614.3
科图分类:
主题词: 音乐--技术--理论 , 音乐--技术--方法
电子资源:
ISBN: 7-103-01127-3
000 00647nam0 2200205 45
001 0107101561
005 20031219104057.0
010    @a7-103-01127-3@dCNY12.90
100    @a20010710d1993 km y0chiy0120 ea
101 0  @achi
105    @a z 000yy
200 1  @a论曲式与音乐作品分析@ALun Qu Shi Yu Yin Yue Zuo Pin Fen Xi@f人民音乐出版社编辑部编@FRen Min Yin Yue Chu Ban She Bian Ji Bu Bian
210    @a北京@c人民音乐出版社@d1993
215    @a302页@d20cm
606 0  @a音乐@x技术@x理论
606 0  @a音乐@x技术@x方法
690    @aJ614.3@v4
711 02 @a人民音乐出版社编辑部@4编
801    @aCN@bTSTC@c20010710
905    @b313651-657@dJ614.3@e214@f7
    
    论曲式与音乐作品分析/人民音乐出版社编辑部编.-北京:人民音乐出版社,1993
    302页;20cm
    
    
    ISBN 7-103-01127-3:CNY12.90
    
●
相关链接 在E读中查询图书 在五车中查询图书 在当当中查询图书 在豆瓣中查询图书


正题名:论曲式与音乐作品分析     索取号:J614.3/214         预约/预借

序号 登录号 条形码 馆藏地/架位号 状态 备注
1 0313651   203136515   第一借阅区/ [索取号:J614.3/214] 在馆    
2 0313652   203136524   第一借阅区/ [索取号:J614.3/214] 在馆    
3 0313653   203136533   第一借阅区/ [索取号:J614.3/214] 在馆    
4 0313654   203136542   第一借阅区/ [索取号:J614.3/214] 在馆    
5 0313655   203136551   第一借阅区/ [索取号:J614.3/214] 在馆    
6 0313656   203136560   第一借阅区/ [索取号:J614.3/214] 在馆    
7 0313657   203136579   第一样本阅览室/ [索取号:J614.3/214] 在馆    
唐山师范学院图书馆 欢迎您!
大连网信软件有限公司© 版权所有